| 000 | 00798nac a22002171u 4500 | ||
|---|---|---|---|
| 010 | _a 79009454 | ||
| 020 | _a0442233477 | ||
| 082 | 0 | 0 |
_a696.1 _bM6121 |
| 090 |
_c3488 _d3488 |
||
| 100 | _aMiller, William Charle | ||
| 245 | 1 | 0 |
_aEstimating and cost control in plumbing design / _cWilliam C. Miller, Leonard Gallina. |
| 260 |
_aNew York : _bVan Nostrand Reinhold, _cc1980. |
||
| 300 |
_axi, 158 p. : _bill. ; _c29 cm. |
||
| 500 | _aDonations. | ||
| 500 | _aDonations - Bibliotheca Alexandrina. | ||
| 504 | _aIncludes bibliographical references and index. | ||
| 650 | 0 |
_aPlumbing _xEstimates. |
|
| 700 | 1 | _aGallina, Leonard, | |
| 942 |
_cBB _k696.1M6121 |
||
| 999 |
_c3488 _d3488 |
||